<?xml version="1.0" encoding="UTF-8"?>
<record
    xmlns:xsi="http://www.w3.org/2001/XMLSchema-instance"
    xsi:schemaLocation="http://www.loc.gov/MARC21/slim http://www.loc.gov/standards/marcxml/schema/MARC21slim.xsd"
    xmlns="http://www.loc.gov/MARC21/slim">

  <leader>02260nam a22003137a 4500</leader>
  <controlfield tag="001">1690</controlfield>
  <controlfield tag="003">FISKH</controlfield>
  <controlfield tag="005">20230915125744.0</controlfield>
  <controlfield tag="008">230915b        cb ||||| |||| 00| 0 khr d</controlfield>
  <datafield tag="020" ind1=" " ind2=" ">
    <subfield code="a">9789924340300</subfield>
  </datafield>
  <datafield tag="040" ind1=" " ind2=" ">
    <subfield code="a">FISKH </subfield>
    <subfield code="b">eng</subfield>
    <subfield code="c">FISKH </subfield>
    <subfield code="d">FISKH </subfield>
  </datafield>
  <datafield tag="082" ind1=" " ind2=" ">
    <subfield code="a">973.7</subfield>
  </datafield>
  <datafield tag="100" ind1=" " ind2=" ">
    <subfield code="a">Chan</subfield>
  </datafield>
  <datafield tag="245" ind1=" " ind2=" ">
    <subfield code="a">&#x1780;&#x17B6;&#x179A;&#x1785;&#x17B6;&#x1780;&#x1785;&#x17C1;&#x1789;&#x1787;&#x17B6;&#x1790;&#x17D2;&#x1798;&#x17B8; / </subfield>
    <subfield code="c">&#x1793;&#x17B7;&#x1796;&#x1793;&#x17D2;&#x1792; &#x1793;&#x17B7;&#x1784;&#x1782;&#x17BC;&#x179A;&#x179A;&#x17BC;&#x1794;&#x178A;&#x17C4;&#x1799; &#x1785;&#x17D0;&#x1793; - &#x1794;&#x1780;&#x1794;&#x17D2;&#x179A;&#x17C2;&#x1796;&#x17B8;&#x1797;&#x17B6;&#x179F;&#x17B6;&#x1794;&#x17B6;&#x179A;&#x17B6;&#x17C6;&#x1784;&#x178A;&#x17C4;&#x1799; &#x1794;&#x17C1; &#x1796;&#x17BB;&#x1785;</subfield>
  </datafield>
  <datafield tag="250" ind1=" " ind2=" ">
    <subfield code="a">&#x1794;&#x17C4;&#x17C7;&#x1796;&#x17BB;&#x1798;&#x17D2;&#x1796;&#x179B;&#x17BE;&#x1780;&#x1791;&#x17B8; &#x17E2; &#x1781;&#x17C2;&#x17A7;&#x179F;&#x1797;&#x17B6; &#x1786;&#x17D2;&#x1793;&#x17B6;&#x17C6; &#x17E2;&#x17E0;&#x17E2;&#x17E0;</subfield>
  </datafield>
  <datafield tag="260" ind1=" " ind2=" ">
    <subfield code="a">Phnom Penh : </subfield>
    <subfield code="b">Sipar, </subfield>
    <subfield code="c">2020.</subfield>
  </datafield>
  <datafield tag="300" ind1=" " ind2=" ">
    <subfield code="a">119 pages : </subfield>
    <subfield code="b">color illustrations ; </subfield>
    <subfield code="c">26 cm</subfield>
  </datafield>
  <datafield tag="490" ind1=" " ind2=" ">
    <subfield code="a"> &#x1786;&#x17D2;&#x1793;&#x17B6;&#x17C6;&#x1790;&#x17C4;&#x17C7;</subfield>
    <subfield code="v">&#x17E3;</subfield>
  </datafield>
  <datafield tag="505" ind1=" " ind2=" ">
    <subfield code="a">Z'
</subfield>
  </datafield>
  <datafield tag="520" ind1=" " ind2=" ">
    <subfield code="a">&#x1794;&#x17D2;&#x179A;&#x179B;&#x17C4;&#x1798;&#x179B;&#x17C4;&#x1780;&#x1780;&#x17D2;&#x179A;&#x17B6;&#x17A0;&#x17D2;&#x179C;&#x17B7;&#x1780;&#x178A;&#x17C2;&#x179B;&#x1796;&#x17B7;&#x1796;&#x178E;&#x17CC;&#x1793;&#x17B6;&#x17A2;&#x17C6;&#x1796;&#x17B8;&#x1796;&#x17D2;&#x179A;&#x17B9;&#x178F;&#x17D2;&#x178F;&#x17B7;&#x1780;&#x17B6;&#x179A;&#x178E;&#x17CD;&#x1793;&#x17C5;&#x1780;&#x17D2;&#x1793;&#x17BB;&#x1784;&#x17E1;&#x17E9;&#x17E7;&#x17E8;&#x2026; &#x1780;&#x17D2;&#x1793;&#x17BB;&#x1784;&#x179A;&#x1794;&#x1794;&#x1781;&#x17D2;&#x1798;&#x17C2;&#x179A;&#x1780;&#x17D2;&#x179A;&#x17A0;&#x1798; &#x17A2;&#x17D2;&#x1793;&#x1780;&#x178A;&#x17C2;&#x179B;&#x179F;&#x17D2;&#x179B;&#x17B6;&#x1794;&#x17CB;&#x178F;&#x17D2;&#x179A;&#x17BC;&#x179C;&#x179F;&#x17D2;&#x178F;&#x17B8;&#x1794;&#x1793;&#x17D2;&#x1791;&#x17C4;&#x179F;&#x1790;&#x17B6;&#x1787;&#x17B6;&#x1787;&#x1793;&#x1780;&#x17D2;&#x1794;&#x178F;&#x17CB;&#x1787;&#x17B6;&#x178F;&#x17B7;&#x17D4; &#x1780;&#x17D2;&#x1793;&#x17BB;&#x1784;&#x1796;&#x17C1;&#x179B;&#x1787;&#x17B6;&#x1798;&#x17BD;&#x1799;&#x1782;&#x17D2;&#x1793;&#x17B6;&#x1793;&#x17C4;&#x17C7; &#x1798;&#x17B6;&#x1793;&#x1791;&#x17B6;&#x17A0;&#x17B6;&#x1793;&#x179C;&#x17C0;&#x178F;&#x178E;&#x17B6;&#x1798;&#x1785;&#x17BC;&#x179B; &#x1793;&#x17B7;&#x1784;&#x1792;&#x17D2;&#x179C;&#x17BE;&#x179F;&#x1780;&#x1798;&#x17D2;&#x1798;&#x1797;&#x17B6;&#x1796;&#x2026; &#x178A;&#x17BC;&#x1785;&#x1787;&#x17B6;&#x179F;&#x1798;&#x17B6;&#x1787;&#x17B7;&#x1780;&#x1798;&#x17BD;&#x1799;&#x1785;&#x17C6;&#x1793;&#x17BD;&#x1793;&#x1780;&#x17D2;&#x1793;&#x17BB;&#x1784;&#x1782;&#x17D2;&#x179A;&#x17BD;&#x179F;&#x17B6;&#x179A;&#x1794;&#x17B6;&#x178F;&#x17CB;&#x1791;&#x17C5;&#x17A0;&#x17BE;&#x1799; &#x1782;&#x17B8;&#x1798;&#x1780;&#x17C6;&#x1796;&#x17BB;&#x1784;&#x1796;&#x17D2;&#x1799;&#x17B6;&#x1799;&#x17B6;&#x1798;&#x1799;&#x17C9;&#x17B6;&#x1784;&#x1781;&#x17D2;&#x179B;&#x17B6;&#x17C6;&#x1784;&#x178A;&#x17BE;&#x1798;&#x17D2;&#x1794;&#x17B8;&#x1782;&#x17C1;&#x1785;&#x1785;&#x17C1;&#x1789;&#x1796;&#x17B8;&#x179F;&#x17BB;&#x1794;&#x17B7;&#x1793;&#x17D2;&#x178F;&#x17A2;&#x17B6;&#x1780;&#x17D2;&#x179A;&#x1780;&#x17CB;&#x1793;&#x17C1;&#x17C7;&#x17D4;</subfield>
  </datafield>
  <datafield tag="520" ind1=" " ind2=" ">
    <subfield code="a">A graphic novel depicting events in 1978. In the regime of the Khmer Rouge, the one who dies is blamed as the traitor. At the same time, there were military Vietnamese entering and taking action. As if some of the members in the family are gone, Kim was trying very hard to escape from this nightmare. </subfield>
  </datafield>
  <datafield tag="521" ind1="8" ind2=" ">
    <subfield code="a">920
</subfield>
    <subfield code="b">Lexile estimate
</subfield>
  </datafield>
  <datafield tag="521" ind1="8" ind2=" ">
    <subfield code="a">Z'
</subfield>
    <subfield code="b">Raz-Plus
</subfield>
  </datafield>
  <datafield tag="650" ind1=" " ind2=" ">
    <subfield code="a">&#x1787;&#x1793;&#x1780;&#x17D2;&#x1794;&#x178F;&#x17CB; </subfield>
    <subfield code="v">&#x179A;&#x178F;&#x17CB;&#x1782;&#x17C1;&#x1785; </subfield>
    <subfield code="x">&#x179F;&#x17BB;&#x1794;&#x17B7;&#x1793;&#x17D2;&#x178F;&#x17A2;&#x17B6;&#x1780;&#x17D2;&#x179A;&#x1780;&#x17CB; </subfield>
  </datafield>
  <datafield tag="650" ind1=" " ind2=" ">
    <subfield code="a">Traitor </subfield>
    <subfield code="v">Escape </subfield>
    <subfield code="x">Bad dream </subfield>
  </datafield>
  <datafield tag="700" ind1=" " ind2=" ">
    <subfield code="a">Puch, Bae </subfield>
    <subfield code="e">Translator</subfield>
  </datafield>
  <datafield tag="700" ind1=" " ind2=" ">
    <subfield code="a">Chan</subfield>
    <subfield code="e">illustrator</subfield>
  </datafield>
  <datafield tag="942" ind1=" " ind2=" ">
    <subfield code="2">ddc</subfield>
    <subfield code="c">KHB</subfield>
    <subfield code="n">0</subfield>
  </datafield>
  <datafield tag="999" ind1=" " ind2=" ">
    <subfield code="c">1690</subfield>
    <subfield code="d">1690</subfield>
  </datafield>
  <datafield tag="952" ind1=" " ind2=" ">
    <subfield code="0">0</subfield>
    <subfield code="1">0</subfield>
    <subfield code="2">ddc</subfield>
    <subfield code="4">0</subfield>
    <subfield code="7">0</subfield>
    <subfield code="8">KH</subfield>
    <subfield code="a">001</subfield>
    <subfield code="b">001</subfield>
    <subfield code="c">KHRS</subfield>
    <subfield code="d">2023-09-15</subfield>
    <subfield code="l">1</subfield>
    <subfield code="o">CHA 973.7</subfield>
    <subfield code="p">2023-0616</subfield>
    <subfield code="r">2026-03-05 08:27:30</subfield>
    <subfield code="s">2025-12-19</subfield>
    <subfield code="t">1</subfield>
    <subfield code="w">2023-09-15</subfield>
    <subfield code="y">KHB</subfield>
  </datafield>
  <datafield tag="952" ind1=" " ind2=" ">
    <subfield code="0">0</subfield>
    <subfield code="1">0</subfield>
    <subfield code="2">ddc</subfield>
    <subfield code="4">0</subfield>
    <subfield code="7">0</subfield>
    <subfield code="8">KH</subfield>
    <subfield code="a">002</subfield>
    <subfield code="b">002</subfield>
    <subfield code="c">SKB</subfield>
    <subfield code="d">2023-09-15</subfield>
    <subfield code="l">1</subfield>
    <subfield code="o">CHA 973.7</subfield>
    <subfield code="p">2023-0617</subfield>
    <subfield code="r">2025-09-09 12:47:33</subfield>
    <subfield code="s">2025-09-05</subfield>
    <subfield code="t">2</subfield>
    <subfield code="w">2023-09-15</subfield>
    <subfield code="y">KHB</subfield>
  </datafield>
</record>
